00000000nas 2200000zi 4500
0019.942658
003CaOODSP
00520250217142137
006m     o  d f      
007cr |||||||||||
008240830d19721988oncar p o    f0###b0fre|d
040 |aCaOODSP|bfre|erda|cCaOODSP
043 |an-cn---
0861 |aST1F-PDF
1101 |aCanada. |bMinistère d'État, Sciences et technologie, |eauteur, |eorganisme de publication.
24510|aRapport annuel ...
264 1|a[Ottawa] : |bMinistère d'État, sciences et technologie, |c1973-1989.
310 |aAnnuel
336 |atexte|btxt|2rdacontent/fre
337 |ainformatique|bc|2rdamedia/fre
338 |aressource en ligne|bcr|2rdacarrier/fre
3621 |aParaît depuis 1971/1972; ne paraît plus après 1987/1988.
500 |aPublié aussi en anglais sous le titre : Annual report ...
500 |aÉdition numérisée de l'imprimé [par Innovation, Sciences et Développement économique Canada].
515 |aL'année d'activité se termine le 31 mars.
546 |aTexte en anglais et en français (1973/73, 1973/74, et 1974/75).
580 |aFusionné avec: Canada. Ministère de l'expansion industrielle régionale. Rapport annuel du MEIR, et devient: Canada. Industrie, sciences et technologie Canada. MEIR et MEST rapport annuel.
61016|aCanada. |bMinistère d'État, Sciences et technologie, |vPériodiques.
650 6|aSciences|zCanada|vPériodiques.
650 6|aPolitique scientifique et technique|vCanada|zPériodiques.
655 7|aPériodiques|2rvmgf
77508|tAnnual report ...|w(CaOODSP)9.942655
78500|tMEIR et MEST, rapport annuel.|w(CaOODSP)9.872127